Statistics for Kpop General Knowledge #3

Click here to take the quiz!

General Stats

  • This quiz has been taken 693 times
  • The average score is 10 of 28

Answer Stats

HintAnswer% Correct
Black Pink's Rosé is from which country?Australia
83%
Which member of VIXX has a stage name that is a single letter?N
76%
Which was the third NCT unit to debut?NCT Dream
76%
Who was the last member to join Red Velvet?Yeri
74%
Who is the smallest member of Seventeen?Woozi
70%
Which YG group is the most recent to disband?2NE1
66%
4Minute's Hyuna was also a part of which group at the time of their debut in 2007?Wonder Girls
62%
CLC's Sorn is from which country?Thailand
61%
WJSN, Monsta X, and Sistar are all under which entertainment company?Starship
59%
Who composed the IOI song, "Very Very Very"?JYP
49%
What is the name of the Girl's Generation sub unit which has the songs, "Holler" and "Dear Santa"?TaeTiSeo
48%
Which three-member group is a sub-unit of the group After School?Orange Caramel
43%
Which soloist rapper, a former member of 2PM, is from Seattle, WA?Jay Park
41%
Seventeen's Vernon is said to resemble which American celebrity in appearance?Leonardo DiCaprio
37%
NCT's Mark is from which Canadian city?Vancouver
31%
Which member of Winner recently left the group?Taehyun
29%
In Red Velvet's "Russian Roulette" music video, what is pushed onto Irene and Joy in order to kill them?Piano
25%
Which idol rapper, a member of a popular boy group, flips off the camera multiple times in one of his solo music videos?Suga
25%
Which kpop idol got into a scandal because she tweeted a Japanese naval flag that was used when Japan invaded Korea?Tiffany
17%
A member of which girl group is featured in the Park Kyung single, "Inferiority Complex"?GFriend
12%
What is the name of the Taeyeon single which was released in November of 2016?11:11
11%
Which Korean rapper is dating the German model, Stefanie Michova?Beenzino
10%
Which "T-Ara" song has an Italian title?Tiamo
8%
Which girl group's most recent music video had a scene removed because it depicted a member being forcefully kissed?Mamamoo
7%
The group Crayon Pop has the twin members, Choa and who?Way
7%
Berry Good's Seoyul is the younger sister of a member of which more popular girl group?AOA
5%
In Oh My Girl's Christmas comeback, "White", what does Hyojung receive as a present?Scarf
2%
Which new unit-group is made up of WJSN's Cheng Xiao, Oh My Girl's YooA, GFriend's Eunha, Gugudan's Nayoung, and Momoland's Nancy?Sunny Girls
2%

Score Distribution

Percentile by Number Answered

Percent of People with Each Score

Your Score History

You have not taken this quiz